| 000 | 00529nam a22001697a 4500 | ||
|---|---|---|---|
| 005 | 20251108172305.0 | ||
| 008 | 250721s1990 xx 000 0 ara d | ||
| 082 | 1 | 4 | _a956.4623/باس |
| 100 | 1 | _aبيزو، باسل محمد | |
| 245 | 1 | 0 |
_aجذور المدن الفلسطينية : _bاللد / |
| 264 | 1 |
_aعمان : _bدار الإبداع للنشر و التوزيع، _c1990. |
|
| 300 | _a32ص : مص | ||
| 650 | 1 | 7 | _aتاريخ فلسطين |
| 650 | 1 | 7 | _aاللد (مدينه ) |
| 942 |
_2ddc _cBK |
||
| 999 |
_c75304 _d75304 |
||